Statistics for Spanish Geography A-Z

Click here to take the quiz!

General Stats

  • This quiz has been taken 53 times
  • The average score is 17 of 26

Answer Stats

ClueAnswer% Correct
GStrait that separates Spain from AfricaGibraltar
96%
I"Party Island" of the Balearic IslandsIbiza
96%
CSpanish island chain off the coast of AfricaCanary
94%
VCity from which paella originatesValencia
94%
PMountain range that makes the French-Spanish borderPyrenees
94%
BUnique language in northern Spain, not closely related to any othersBasque
92%
ARegion in which the cities of Seville, Málaga, and Córdoba could be foundAndalusia
88%
MCountry the exclaves of Ceuta and Melilla borderMorocco
86%
ZCapital of Aragon; called "Saragossa" in EnglishZaragoza
84%
SEnglish term for a native or inhabitant of SpainSpaniard
80%
YEnglish term for "amarillo"Yellow
72%
XThe eighth most popular male name in Spain; in EnglishXavier
70%
TEl Greco painted a "view" of this city near MadridToledo
70%
DRiver that starts in Castile and León and empties near Porto, PortugalDouro
66%
FSecond-largest island of CFuerteventura
62%
RFamous wine region that shares its name with a province of SpainRioja
60%
USpanish word for "you", formallyUsted
60%
NRegion in northern Spain that used to be an independent kingdomNavarre
58%
ELongest river that is entirely situated in SpainEbro
58%
HRoman name of IberiaHispania
52%
QType of dairy product that is made in L{Queso} Manchego
50%
KSpain's Pinchitos derives from this Middle Eastern dishKebab
48%
LRemote region in which Don Quixote went on a journeyLa Mancha
34%
OLanguage spoken in Aran Valley; one of Spain's regional languagesOccitan
24%
J"World Capital of Olive Oil"Jaén
16%
WWhat an "Arroyo" is in SpainWash
2%

Score Distribution

Percentile by Number Answered

Percent of People with Each Score

Your Score History

You have not taken this quiz